| 000 | 00622nam a2200241Ia 4500 | ||
|---|---|---|---|
| 003 | OSt | ||
| 005 | 20221006151843.0 | ||
| 006 | a|||||r|||| 00| 0 | ||
| 007 | ta | ||
| 008 | 221006b |||||||| |||| 00| 0 eng d | ||
| 024 | _a23,669 | ||
| 037 |
_bGift, PRC _cTextual |
||
| 040 |
_aEASL _cEASL _beng |
||
| 041 |
_2eng _aeng |
||
| 082 | _aY:5.41.N82, M3 | ||
| 245 | 0 | _aElderly in China | |
| 260 |
_aBeijing _bChina Reconstructs _c1983 |
||
| 300 |
_a26p. _ccm. |
||
| 490 | _aWhat's New in China (8) | ||
| 650 | _aCEl | ||
| 942 |
_hY:5.41.N82, M3 _cTEXL _2CC |
||
| 999 |
_c1091755 _d1091755 |
||